[Event "Da Qing U20 op-A"]
[Site "Da Qing"]
[Date "2019.01.21"]
[Round "4"]
[White "Hou, Yifan B"]
[Black "Xu, Yinglun"]
[Result "0-1"]
[WhiteElo "1845"]
[BlackElo "2531"]
[PlyCount "94"]
[EventDate "2019.01.20"]
[EventType "swiss"]
[EventRounds "9"]
[EventCountry "CHN"]
[SourceTitle "CBM 188 Extra"]
[Source "ChessBase"]
[SourceDate "2019.02.26"]
[SourceVersion "1"]
[SourceVersionDate "2019.02.26"]
[SourceQuality "1"]

1. d4 d5 2. c4 e6 3. Nf3 Nf6 4. g3 dxc4 5. Qa4+ c6 6. Qxc4 b5 7. Qc2 Bb7 8. Bd2
Nbd7 9. b4 a5 10. bxa5 b4 11. Bg2 c5 12. O-O Qxa5 13. Bg5 Rc8 14. Bxf6 Nxf6 15.
dxc5 Bxc5 16. Qb2 O-O 17. Nbd2 Qa7 18. Nb3 Be7 19. Rac1 Nd5 20. Nfd4 Bf6 21. e3
h5 22. h4 Ba6 23. Rfe1 Bc4 24. Bf1 Bxb3 25. axb3 Qa3 26. Qxa3 bxa3 27. Rxc8
Rxc8 28. Ra1 Be7 29. Nb5 Ra8 30. Bg2 Ra5 31. Bxd5 Rxb5 32. Bc4 Ra5 33. Kf1 Bf6
34. Ra2 Bb2 35. Ke2 Kf8 36. Kd3 Ke7 37. Kc2 Ra8 38. b4 Rc8 39. Kb3 Kd6 40. f3
f5 41. b5 Kc5 42. Bxe6 Re8 43. Bxf5 Rxe3+ 44. Ka4 Rxf3 45. Be4 Rxg3 46. Ka5 Rg4
47. Bc6 Rxh4 0-1

[Event "Da Qing U20 op-A"]
[Site "Da Qing"]
[Date "2019.01.22"]
[Round "5"]
[White "Zheng, Fangbing"]
[Black "Hou, Yifan B"]
[Result "1/2-1/2"]
[WhiteElo "1964"]
[BlackElo "1845"]
[PlyCount "95"]
[EventDate "2019.01.20"]
[EventType "swiss"]
[EventRounds "9"]
[EventCountry "CHN"]
[SourceTitle "CBM 188 Extra"]
[Source "ChessBase"]
[SourceDate "2019.02.26"]
[SourceVersion "1"]
[SourceVersionDate "2019.02.26"]
[SourceQuality "1"]

1. e4 c5 2. Nf3 Nc6 3. d4 cxd4 4. Nxd4 Qc7 5. g3 e6 6. Bg2 a6 7. O-O Nf6 8. Be3
Be7 9. c4 O-O 10. b3 d6 11. Nc3 Bd7 12. f4 Rac8 13. Rc1 Qb8 14. Qe2 Rfe8 15. h3
Nxd4 16. Bxd4 e5 17. Be3 exf4 18. Rxf4 Be6 19. Nd5 Bxd5 20. exd5 Nd7 21. Re4
Bf6 22. Qg4 Qc7 23. Kh2 Ne5 24. Qe2 Re7 25. c5 dxc5 26. Rxc5 Qd7 27. Rxc8+ Qxc8
28. d6 Re6 29. Bd4 Nc6 30. Bxf6 gxf6 31. Rg4+ Kf8 32. Qd2 f5 33. Qc3 f6 34. Qc5
Qd7 35. Qxf5 Rxd6 36. Qh5 f5 37. Rf4 Rf6 38. Qf3 b5 39. Qc3 Qd6 40. Qxc6 Qxc6
41. Bxc6 Rxc6 42. Rxf5+ Kg7 43. Kg2 Rc2+ 44. Rf2 Rc3 45. Rf3 Rc2+ 46. Rf2 Rc3
47. Rf3 Rc2+ 48. Rf2 1/2-1/2

[Event "Da Qing U20 op-A"]
[Site "Da Qing"]
[Date "2019.01.22"]
[Round "6"]
[White "Hou, Yifan B"]
[Black "Hu, Yu A"]
[Result "1/2-1/2"]
[WhiteElo "1845"]
[BlackElo "2032"]
[PlyCount "60"]
[EventDate "2019.01.20"]
[EventType "swiss"]
[EventRounds "9"]
[EventCountry "CHN"]
[SourceTitle "CBM 188 Extra"]
[Source "ChessBase"]
[SourceDate "2019.02.26"]
[SourceVersion "1"]
[SourceVersionDate "2019.02.26"]
[SourceQuality "1"]

1. d4 Nf6 2. c4 e6 3. Nf3 d5 4. g3 dxc4 5. Qa4+ Nbd7 6. Qxc4 a6 7. Bg2 b5 8.
Qc2 Bb7 9. O-O Be7 10. b3 O-O 11. Bb2 Rc8 12. Nbd2 c5 13. dxc5 Bxc5 14. Qd3 Qe7
15. Rac1 Rfd8 16. Qb1 h6 17. Rfd1 Ba3 18. Nd4 Bxg2 19. Kxg2 Bxb2 20. Qxb2 Rxc1
21. Rxc1 Ne5 22. N4f3 Qb7 23. Qxe5 Rxd2 24. Rc7 Qa8 25. Qc3 Rd8 26. Qc6 Nd5 27.
Qxa8 Rxa8 28. Rc5 b4 29. Ra5 Kf8 30. Nd4 Ke8 1/2-1/2

[Event "Da Qing U20 op-A"]
[Site "Da Qing"]
[Date "2019.01.23"]
[Round "7"]
[White "Di, Xu Wei"]
[Black "Hou, Yifan B"]
[Result "1/2-1/2"]
[WhiteElo "1981"]
[BlackElo "1845"]
[PlyCount "129"]
[EventDate "2019.01.20"]
[EventType "swiss"]
[EventRounds "9"]
[EventCountry "CHN"]
[SourceTitle "CBM 188 Extra"]
[Source "ChessBase"]
[SourceDate "2019.02.26"]
[SourceVersion "1"]
[SourceVersionDate "2019.02.26"]
[SourceQuality "1"]

1. e4 c5 2. Nf3 Nc6 3. d4 cxd4 4. Nxd4 Qc7 5. Nc3 e6 6. Be3 a6 7. Bd3 Nf6 8.
O-O Ne5 9. h3 d6 10. Qe2 Be7 11. f4 Nxd3 12. cxd3 O-O 13. Rac1 Qd7 14. a4 b6
15. Kh2 Bb7 16. g4 e5 17. Nf5 exf4 18. Bxf4 Ne8 19. Qf2 Bd8 20. Qd4 Bc7 21. Rc2
Kh8 22. Nd5 Bxd5 23. Qxd5 Rd8 24. Qd4 f6 25. Rfc1 Rf7 26. Qd5 Bb8 27. Kh1 g6
28. Nd4 Nc7 29. Qc6 Rff8 30. Qxb6 Ne6 31. Be3 Nc5 32. Rd1 Ba7 33. Qa5 Qb7 34.
b3 Nxb3 35. Qc3 Bxd4 36. Bxd4 Rc8 37. Bxf6+ Kg8 38. Qb2 Rxc2 39. Qxc2 Rxf6 40.
Rb1 Qf7 41. Qxb3 Rf1+ 42. Kg2 Rf2+ 43. Kg1 Rf1+ 44. Kg2 Rf2+ 45. Kg3 Rf3+ 46.
Kh4 h6 47. Qxf7+ Kxf7 48. g5 hxg5+ 49. Kxg5 Rg3+ 50. Kf4 Rxh3 51. Rb6 Rxd3 52.
Rxa6 Ke6 53. Ra8 Ra3 54. a5 Ra4 55. a6 Kd7 56. a7 Kc7 57. Ke3 g5 58. Kf3 g4+
59. Kf4 d5 60. Rg8 Rxa7 61. exd5 Kd6 62. Rg5 Ra4+ 63. Kg3 Rd4 64. Rh5 Rxd5 65.
Rh6+ 1/2-1/2

[Event "Da Qing U20 op-A"]
[Site "Da Qing"]
[Date "2019.01.23"]
[Round "8"]
[White "Hou, Yifan B"]
[Black "Xie, Kaifan"]
[Result "1-0"]
[WhiteElo "1845"]
[BlackElo "1938"]
[PlyCount "81"]
[EventDate "2019.01.20"]
[EventType "swiss"]
[EventRounds "9"]
[EventCountry "CHN"]
[SourceTitle "CBM 188 Extra"]
[Source "ChessBase"]
[SourceDate "2019.02.26"]
[SourceVersion "1"]
[SourceVersionDate "2019.02.26"]
[SourceQuality "1"]

1. d4 Nf6 2. Nf3 e6 3. c4 c5 4. g3 cxd4 5. Nxd4 d5 6. Bg2 e5 7. Nf3 d4 8. O-O
Nc6 9. Bg5 Be7 10. Nbd2 O-O 11. a3 a5 12. Qc2 Bg4 13. Ne4 Nd7 14. Bxe7 Qxe7 15.
c5 Rad8 16. Rfc1 Kh8 17. b4 f5 18. Nd6 axb4 19. axb4 e4 20. Ne1 Nxb4 21. Qc4
Nc6 22. Nxb7 Nde5 23. Qa6 Bxe2 24. Qxe2 Qxb7 25. Qd2 Qb4 26. Qxb4 Nxb4 27. Rcb1
Nd5 28. Nc2 d3 29. Na3 Rc8 30. Rc1 Rfd8 31. Nb5 g5 32. Nd6 Rc6 33. Nxf5 d2 34.
Rc2 Nb4 35. Rxd2 Rf8 36. Nd4 Rxc5 37. Ne6 Rc2 38. Rxc2 Nxc2 39. Ra5 Nc4 40. Rc5
e3 41. fxe3 1-0

[Event "Da Qing U20 op-A"]
[Site "Da Qing"]
[Date "2019.01.24"]
[Round "9"]
[White "Ning, Kaiyu"]
[Black "Hou, Yifan B"]
[Result "1-0"]
[WhiteElo "2267"]
[BlackElo "1845"]
[PlyCount "79"]
[EventDate "2019.01.20"]
[EventType "swiss"]
[EventRounds "9"]
[EventCountry "CHN"]
[SourceTitle "CBM 188 Extra"]
[Source "ChessBase"]
[SourceDate "2019.02.26"]
[SourceVersion "1"]
[SourceVersionDate "2019.02.26"]
[SourceQuality "1"]

1. d4 d5 2. c4 e6 3. Nf3 c6 4. e3 f5 5. Be2 Nf6 6. O-O Bd6 7. b3 O-O 8. Ba3
Bxa3 9. Nxa3 Bd7 10. b4 Qe7 11. Nc2 Ne4 12. Ne5 Be8 13. f3 Nf6 14. Rb1 Nbd7 15.
c5 g5 16. Nxd7 Bxd7 17. f4 g4 18. a4 Ne4 19. Qe1 Rf7 20. Bd3 Nf6 21. b5 Rg7 22.
Nb4 Nh5 23. Be2 Kh8 24. Nd3 Rag8 25. Ne5 Be8 26. bxc6 Bxc6 27. a5 Be8 28. a6
bxa6 29. Bxa6 g3 30. h3 Qh4 31. Nf3 Qd8 32. Ng5 Qf6 33. Rb8 h6 34. Nf3 Qe7 35.
Qa5 Bc6 36. Rfb1 Nf6 37. Ne5 Ba8 38. c6 Ne4 39. Rxg8+ Rxg8 40. c7 1-0

[Event "Da Qing U20 op-B"]
[Site "Da Qing"]
[Date "2019.01.20"]
[Round "1"]
[White "Tan, Yong Hau"]
[Black "Hou, Yixuan"]
[Result "1-0"]
[WhiteElo "1741"]
[BlackElo "1231"]
[PlyCount "151"]
[EventDate "2019.01.20"]
[EventType "swiss"]
[EventRounds "9"]
[EventCountry "CHN"]
[SourceTitle "CBM 188 Extra"]
[Source "ChessBase"]
[SourceDate "2019.02.26"]
[SourceVersion "1"]
[SourceVersionDate "2019.02.26"]
[SourceQuality "1"]

1. d4 Nf6 2. c4 e6 3. Nc3 d5 4. Bg5 Bb4 5. e3 h6 6. Bh4 g5 7. Bg3 Ne4 8. Qc2 h5
9. f3 Nxg3 10. hxg3 Qd6 11. f4 Nc6 12. c5 Qe7 13. Be2 gxf4 14. gxf4 h4 15. Nf3
Bd7 16. O-O-O Bxc3 17. Qxc3 O-O-O 18. Qe1 Rdg8 19. Nxh4 Qf6 20. g4 Ne7 21. g5
Qg7 22. Nf3 Rxh1 23. Qxh1 Rh8 24. Qg1 f6 25. gxf6 Qxf6 26. Ne5 Nf5 27. Bd3 Rd8
28. Qf2 Rg8 29. Rg1 Rxg1+ 30. Qxg1 Qg7 31. Qxg7 Nxg7 32. Bg6 Be8 33. Kd2 Bxg6
34. Nxg6 Nf5 35. Kd3 Ng3 36. Nf8 c6 37. Nxe6 Kd7 38. Ng5 Ke7 39. b4 Kf6 40. e4
Nh5 41. Ke3 Ng7 42. Nf3 Nh5 43. Ne5 dxe4 44. Kxe4 Ng3+ 45. Kf3 Nf5 46. Ng4+ Ke6
47. Ke4 Ng3+ 48. Kd3 Nh5 49. Ne3 a6 50. a3 Ng7 51. f5+ Nxf5 52. Nxf5 Kxf5 53.
d5 cxd5 54. Kd4 Ke6 55. a4 Kd7 56. Kxd5 Kc7 57. b5 axb5 58. axb5 Kd7 59. Ke5
Kd8 60. Ke6 Kc8 61. Kd6 b6 62. c6 Kd8 63. c7+ Kc8 64. Ke6 Kxc7 65. Ke7 Kc8 66.
Kd6 Kb8 67. Kc6 Kc8 68. Kxb6 Kb8 69. Kc6 Ka7 70. Kc7 Ka8 71. Kb6 Kb8 72. Ka6
Ka8 73. b6 Kb8 74. b7 Kc7 75. Ka7 Kc6 76. b8=Q 1-0

[Event "Da Qing U20 op-B"]
[Site "Da Qing"]
[Date "2019.01.21"]
[Round "3"]
[White "Zhu, Chenxi"]
[Black "Hou, Yixuan"]
[Result "1-0"]
[WhiteElo "1143"]
[BlackElo "1231"]
[PlyCount "171"]
[EventDate "2019.01.20"]
[EventType "swiss"]
[EventRounds "9"]
[EventCountry "CHN"]
[SourceTitle "CBM 188 Extra"]
[Source "ChessBase"]
[SourceDate "2019.02.26"]
[SourceVersion "1"]
[SourceVersionDate "2019.02.26"]
[SourceQuality "1"]

1. e4 e5 2. Nf3 Nc6 3. Bb5 a6 4. Ba4 Nf6 5. d4 exd4 6. O-O Bc5 7. e5 Nd5 8. Bb3
Nb6 9. Ng5 Nxe5 10. Re1 O-O 11. Rxe5 d5 12. Nf3 Bg4 13. h3 f6 14. Re1 Bxf3 15.
Qxf3 c6 16. Bf4 Re8 17. Rxe8+ Qxe8 18. Kf1 Qe7 19. Bd2 Re8 20. c3 Qe5 21. cxd4
Qh2 22. g4 Bxd4 23. Nc3 Bxf2 24. Qg2 Qxg2+ 25. Kxg2 Bc5 26. Re1 Kf7 27. Rxe8
Kxe8 28. Na4 Bd4 29. Nxb6 Bxb6 30. Bc2 g6 31. Kf3 Ke7 32. h4 Bd4 33. b3 Kd6 34.
h5 c5 35. hxg6 hxg6 36. Bxg6 b5 37. Ke2 b4 38. Bd3 a5 39. Bh6 Kd7 40. Kf3 Ke7
41. Kf4 Bb2 42. Kf5 a4 43. Be3 Kd6 44. Bf4+ Ke7 45. Bb5 a3 46. Bc6 c4 47. Bxd5
cxb3 48. Bxb3 Bc3 49. Ke4 Kf8 50. Bd6+ Kg7 51. Kd3 Kg6 52. Be6 Kg5 53. Kc2 Be1
54. Kb3 Bf2 55. Bxb4 Kf4 56. Bf5 Ke5 57. Bxa3 Kd5 58. Be7 Bh4 59. Kb4 Kc6 60.
a4 Kb6 61. Bd8+ Ka6 62. a5 Ka7 63. Kc5 Be1 64. Kd6 Bb4+ 65. Ke6 Bc3 66. Bxf6
Bxa5 67. g5 Bd2 68. g6 Bh6 69. Bg5 Bg7 70. Kf7 Bh8 71. Bf6 Bxf6 72. Kxf6 Kb7
73. g7 Kc7 74. g8=Q Kd6 75. Qd8+ Kc6 76. Ke6 Kc5 77. Qd5+ Kb4 78. Bc2 Kc3 79.
Ke5 Kb2 80. Qb3+ Kc1 81. Kd4 Kd2 82. Qe3+ Kxc2 83. Kc4 Kd1 84. Qf2 Kc1 85. Kc3
Kb1 86. Qb2# 1-0

[Event "Da Qing U20 op-B"]
[Site "Da Qing"]
[Date "2019.01.22"]
[Round "5"]
[White "Li, Junhe"]
[Black "Hou, Yixuan"]
[Result "1-0"]
[WhiteElo "1392"]
[BlackElo "1231"]
[PlyCount "187"]
[EventDate "2019.01.20"]
[EventType "swiss"]
[EventRounds "9"]
[EventCountry "CHN"]
[SourceTitle "CBM 188 Extra"]
[Source "ChessBase"]
[SourceDate "2019.02.26"]
[SourceVersion "1"]
[SourceVersionDate "2019.02.26"]
[SourceQuality "1"]

1. e4 e6 2. d4 d5 3. Nd2 c5 4. Ngf3 Nc6 5. Bb5 Bd7 6. exd5 exd5 7. dxc5 Bxc5 8.
O-O Nge7 9. Nb3 Bb6 10. Bg5 f6 11. Bf4 O-O 12. Re1 Re8 13. c4 dxc4 14. Bxc4+
Kh8 15. Bf7 Rf8 16. Be6 Bxe6 17. Rxe6 Ng6 18. Bg3 Qxd1+ 19. Rxd1 Rad8 20. Red6
Kg8 21. Kf1 Rfe8 22. R1d2 Kf8 23. Rd7 Na5 24. Rxd8 Rxd8 25. Rxd8+ Bxd8 26. Nc5
Be7 27. Nd3 Ke8 28. Ke2 Kd7 29. Nd4 Nf8 30. b3 a6 31. Ke3 Ne6 32. h4 Nxd4 33.
Kxd4 Nc6+ 34. Kd5 Nb4+ 35. Nxb4 Bxb4 36. f3 g6 37. Bf2 b5 38. g4 Bc3 39. h5 Bd2
40. Bd4 Bg5 41. hxg6 hxg6 42. Bc3 Bh4 43. Bd4 Bg5 44. Bf2 Bf4 45. Be1 Bh2 46.
Bf2 Be5 47. Be1 Bf4 48. Bc3 Bg5 49. Bd4 Bh4 50. Bb2 Bg5 51. Ba3 Bf4 52. Bc5 Be5
53. Bd4 Bxd4 54. Kxd4 Kd6 55. b4 Kc6 56. f4 Kd6 57. g5 fxg5 58. fxg5 Ke6 59.
Ke4 Kd6 60. Kd4 Ke6 61. Ke4 Kd6 62. Kd4 Ke6 63. Kc5 Kf5 64. Kb6 Kxg5 65. Kxa6
Kh4 66. Kxb5 g5 67. a4 g4 68. a5 g3 69. a6 g2 70. a7 g1=Q 71. a8=Q Qg5+ 72. Ka4
Kg3 73. Qb8+ Kf3 74. Qb7+ Ke3 75. Qb6+ Kf3 76. Qc6+ Ke2 77. Qb5+ Qxb5+ 78. Kxb5
Kd3 79. Kc5 Ke4 80. b5 Ke5 81. b6 Ke6 82. b7 Ke5 83. b8=Q+ Ke4 84. Qd6 Ke3 85.
Qd4+ Ke2 86. Kc4 Kf3 87. Qe5 Kg4 88. Qf6 Kg3 89. Kd4 Kg4 90. Ke4 Kg3 91. Qf3+
Kh2 92. Qg4 Kh1 93. Kf3 Kh2 94. Qg2# 1-0

[Event "Da Qing U20 op-B"]
[Site "Da Qing"]
[Date "2019.01.22"]
[Round "6"]
[White "Hou, Yixuan"]
[Black "Jin, Pinyan"]
[Result "1-0"]
[WhiteElo "1231"]
[BlackElo "1304"]
[PlyCount "115"]
[EventDate "2019.01.20"]
[EventType "swiss"]
[EventRounds "9"]
[EventCountry "CHN"]
[SourceTitle "CBM 188 Extra"]
[Source "ChessBase"]
[SourceDate "2019.02.26"]
[SourceVersion "1"]
[SourceVersionDate "2019.02.26"]
[SourceQuality "1"]

1. Nf3 Nf6 2. g3 g6 3. Bg2 Bg7 4. d4 d5 5. O-O O-O 6. c4 e6 7. Nc3 Nbd7 8. Bf4
c5 9. Nb5 a6 10. Nc7 Ra7 11. cxd5 exd5 12. dxc5 Nxc5 13. Rc1 b6 14. Ne1 Bb7 15.
b4 Nce4 16. f3 Nd6 17. Be3 Nc4 18. Rxc4 dxc4 19. Qxd8 Rxd8 20. Bxb6 Raa8 21.
Nxa8 Rxa8 22. Bd4 Rc8 23. Nc2 Bd5 24. Ne3 Be6 25. Rc1 Nd5 26. Bxg7 Nxe3 27. Bd4
Nxg2 28. Kxg2 Rd8 29. e3 g5 30. h3 f5 31. a3 f4 32. Kf2 h5 33. Rc2 Bxh3 34.
Rxc4 fxe3+ 35. Bxe3 Rf8 36. Bxg5 Bg4 37. Bf4 Be6 38. Rc6 Bc8 39. Rc5 h4 40.
Rg5+ Kf7 41. gxh4 Ke7 42. Kg3 Kf7 43. Be5 Ke7 44. h5 Be6 45. h6 Bd5 46. h7
Rxf3+ 47. Kh2 Rf2+ 48. Kg1 Rf8 49. Bg7 Rc8 50. Rxd5 Rc1+ 51. Kf2 Rc2+ 52. Kg3
Rc8 53. Rf5 Rc6 54. h8=Q Rg6+ 55. Kf4 Rb6 56. Qf8+ Kd7 57. Rf7+ Kc6 58. Qc5#
1-0

[Event "Da Qing U20 op-B"]
[Site "Da Qing"]
[Date "2019.01.23"]
[Round "7"]
[White "Fu, Yiran"]
[Black "Hou, Yixuan"]
[Result "0-1"]
[WhiteElo "1565"]
[BlackElo "1231"]
[PlyCount "72"]
[EventDate "2019.01.20"]
[EventType "swiss"]
[EventRounds "9"]
[EventCountry "CHN"]
[SourceTitle "CBM 188 Extra"]
[Source "ChessBase"]
[SourceDate "2019.02.26"]
[SourceVersion "1"]
[SourceVersionDate "2019.02.26"]
[SourceQuality "1"]

1. e4 e5 2. Nf3 Nc6 3. Bb5 a6 4. Ba4 Nf6 5. O-O Be7 6. Re1 b5 7. Bb3 O-O 8. h3
Bb7 9. c3 d6 10. d4 exd4 11. cxd4 Nb4 12. a3 Nc6 13. Nbd2 Na5 14. Bc2 c5 15. d5
Bc8 16. Nf1 Nd7 17. Ne3 Nb6 18. Bd2 Nac4 19. Nxc4 Nxc4 20. b3 Nxd2 21. Qxd2 Bf6
22. Rad1 Bb2 23. a4 Qf6 24. Qd3 c4 25. bxc4 bxc4 26. Qxc4 Bxh3 27. Qd3 Bg4 28.
e5 Qh6 29. exd6 Rac8 30. Rb1 Bxf3 31. Rxb2 Bg4 32. Qxa6 g6 33. Bd1 Qc1 34. Rb4
Qd2 35. Rbe4 Bxd1 36. Qf1 Qxd5 0-1

[Event "Da Qing U20 op-B"]
[Site "Da Qing"]
[Date "2019.01.23"]
[Round "8"]
[White "Hou, Yixuan"]
[Black "Yeoh, Yuan Hui"]
[Result "1-0"]
[WhiteElo "1231"]
[BlackElo "1715"]
[PlyCount "101"]
[EventDate "2019.01.20"]
[EventType "swiss"]
[EventRounds "9"]
[EventCountry "CHN"]
[SourceTitle "CBM 188 Extra"]
[Source "ChessBase"]
[SourceDate "2019.02.26"]
[SourceVersion "1"]
[SourceVersionDate "2019.02.26"]
[SourceQuality "1"]

1. Nf3 d5 2. c4 c6 3. g3 Nf6 4. Bg2 g6 5. b3 Bg7 6. Bb2 O-O 7. O-O Nbd7 8. cxd5
cxd5 9. Nc3 b6 10. d3 Bb7 11. Rc1 Rc8 12. Nb5 a6 13. Na3 e6 14. Nc2 b5 15. Qd2
Nc5 16. Ba3 Qb6 17. Qd1 Rfd8 18. Ne3 Nfd7 19. Rb1 Rc7 20. Qd2 Rdc8 21. Bb4 Qa7
22. Rfc1 Ba8 23. Rc2 Nb7 24. Rbc1 Rxc2 25. Rxc2 Rxc2 26. Qxc2 Qb8 27. Bc3 Bxc3
28. Qxc3 Nbc5 29. Ng4 Qf8 30. Nfe5 Nxe5 31. Qxe5 f5 32. Nf6+ Kf7 33. Nxh7 Qe7
34. h4 Bb7 35. Qh8 Qe8 36. Ng5+ Ke7 37. Qg7+ Kd6 38. Nf7+ Ke7 39. Nh8+ Kd6 40.
Nxg6 a5 41. h5 b4 42. h6 a4 43. h7 axb3 44. axb3 Nxb3 45. Qxb7 Nc1 46. Qxb4+
Kc7 47. Qc5+ Kb7 48. Qxc1 Qxg6 49. h8=Q Qf7 50. Qhc8+ Ka7 51. Q1c5# 1-0

[Event "Varsity Oxbridge m 137th"]
[Site "London"]
[Date "2019.03.02"]
[Round "1.1"]
[White "Hou, Yifan"]
[Black "Wadsworth, Matthew J"]
[Result "1/2-1/2"]
[WhiteElo "2662"]
[BlackElo "2396"]
[PlyCount "83"]
[EventDate "2019.03.02"]
[EventType "team-match"]
[EventRounds "1"]
[EventCountry "ENG"]
[SourceTitle "CBM 189 Extra"]
[Source "ChessBase"]
[SourceDate "2019.06.03"]
[SourceVersion "1"]
[SourceVersionDate "2019.06.03"]
[SourceQuality "1"]
[WhiteTeam "Oxford"]
[BlackTeam "Cambridge"]
[WhiteTeamCountry "ENG"]
[BlackTeamCountry "ENG"]

1. e4 c5 2. Nf3 e6 3. d4 cxd4 4. Nxd4 Nc6 5. Nc3 Qc7 6. Be3 a6 7. Be2 Nf6 8.
O-O Bb4 9. Na4 Be7 10. c4 Nxe4 11. c5 O-O 12. g3 Nf6 13. Nb6 Rb8 14. Rc1 g6 15.
Bg5 Rd8 16. Bf3 h6 17. Bxh6 e5 18. Nxc6 dxc6 19. Qe2 Be6 20. Rfe1 Nd7 21. b4
Nxb6 22. cxb6 Qxb6 23. Qxe5 Qd4 24. Bf4 Qxe5 25. Bxe5 Rbc8 26. Bc3 Rd3 27. Bg4
Bxg4 28. Rxe7 Bf3 29. h3 Rcd8 30. Kh2 R3d7 31. Rce1 f5 32. g4 fxg4 33. Kg3 Rxe7
34. Rxe7 Rd3 35. Re3 Rxe3 36. fxe3 Bd5 37. hxg4 Bxa2 38. Kf4 Kf7 39. Ke5 Ke7
40. Bd4 Bb1 41. g5 Kd7 42. Bb6 1/2-1/2

[Event "CHN-chT"]
[Site "Daqing"]
[Date "2019.06.20"]
[Round "2.5"]
[White "Zhao, Zhouqiao"]
[Black "Hou, Yifan B"]
[Result "1/2-1/2"]
[WhiteElo "2215"]
[BlackElo "1932"]
[PlyCount "54"]
[EventDate "2019.06.19"]
[EventType "team-swiss"]
[EventRounds "9"]
[EventCountry "CHN"]
[SourceTitle "CBM 191 Extra"]
[Source "ChessBase"]
[SourceDate "2019.09.30"]
[SourceVersion "1"]
[SourceVersionDate "2019.09.30"]
[SourceQuality "1"]
[WhiteTeam "Tianjin"]
[BlackTeam "Heilongjiang"]
[WhiteTeamCountry "CHN"]
[BlackTeamCountry "CHN"]

1. d4 Nf6 2. c4 e6 3. Nc3 Bb4 4. e3 O-O 5. Nge2 c5 6. a3 Bxc3+ 7. Nxc3 d6 8.
Be2 Nc6 9. O-O b6 10. d5 exd5 11. cxd5 Ne7 12. e4 Ng6 13. Re1 Re8 14. Bf1 a6
15. a4 Ra7 16. Rb1 h6 17. Bd2 Ng4 18. h3 N4e5 19. b4 Qf6 20. bxc5 bxc5 21. Rb8
Nd7 22. Rb3 Nde5 23. Rb8 Nd7 24. Rb3 Nde5 25. Re3 Nf4 26. Rb8 Nd7 27. Rb3 Ne5
1/2-1/2

[Event "CHN-chTB"]
[Site "Harbin"]
[Date "2019.07.25"]
[Round "9.3"]
[White "Hou, Yifan B"]
[Black "Huang, Renjie"]
[Result "0-1"]
[WhiteElo "2024"]
[BlackElo "2352"]
[PlyCount "76"]
[EventDate "2019.07.20"]
[EventType "team-swiss"]
[EventRounds "11"]
[EventCountry "CHN"]
[SourceTitle "CBM 191 Extra"]
[Source "ChessBase"]
[SourceDate "2019.09.30"]
[SourceVersion "1"]
[SourceVersionDate "2019.09.30"]
[SourceQuality "1"]
[WhiteTeam "Heilongjiang"]
[BlackTeam "Qingdao Chengyang"]
[WhiteTeamCountry "CHN"]
[BlackTeamCountry "CHN"]

1. d4 Nf6 2. Nf3 d5 3. c4 e6 4. g3 dxc4 5. Qa4+ Nbd7 6. Qxc4 a6 7. Bg2 b5 8.
Qc2 Bb7 9. O-O c5 10. dxc5 Bxc5 11. Bg5 Rc8 12. Qd3 h6 13. Be3 O-O 14. Bxc5
Nxc5 15. Qxd8 Rfxd8 16. Nbd2 e5 17. Rfd1 e4 18. Ne1 Na4 19. Rab1 Rd6 20. Nb3
Rxd1 21. Rxd1 Nxb2 22. Rb1 Na4 23. Nd4 Bd5 24. a3 Rc3 25. Nec2 Nb6 26. Ra1 Bb7
27. Kf1 Nfd7 28. Ke1 Nc5 29. Kd2 Nca4 30. e3 Nc4+ 31. Ke1 Nc5 32. Bf1 Nd3+ 33.
Ke2 a5 34. Bh3 Ba6 35. Bf5 Nc5 36. Kd1 Rd3+ 37. Kc1 Rd2 38. f3 exf3 0-1

[Event "Belt and Road Hunan op-B"]
[Site "Changsha"]
[Date "2019.07.29"]
[Round "1"]
[White "Fan, Huifeng"]
[Black "Hou, Yifan B"]
[Result "1/2-1/2"]
[WhiteElo "2250"]
[BlackElo "2024"]
[PlyCount "60"]
[EventDate "2019.07.29"]
[EventType "swiss"]
[EventRounds "9"]
[EventCountry "CHN"]
[SourceTitle "EXT 2020"]
[Source "ChessBase"]
[SourceDate "2019.10.17"]
[SourceVersion "1"]
[SourceVersionDate "2019.10.17"]
[SourceQuality "1"]

1. e4 c5 2. Nf3 Nc6 3. Bb5 g6 4. Bxc6 dxc6 5. d3 Bg7 6. h3 Nf6 7. Nc3 Nd7 8.
Be3 e5 9. Qd2 h6 10. Nh2 Qe7 11. O-O Nf8 12. f4 exf4 13. Bxf4 Ne6 14. Bg3 Qg5
15. Qe1 Nd4 16. Qf2 Nf5 17. exf5 Bd4 18. Rae1+ Kd8 19. Qxd4+ cxd4 20. Ne4 Qh5
21. Be5 gxf5 22. Bf6+ Kd7 23. Bxh8 fxe4 24. Rxe4 Kc7 25. Be5+ Kb6 26. Bxd4+ Ka6
27. b4 b6 28. g4 Qg6 29. Bf6 Be6 30. a4 h5 1/2-1/2

[Event "Belt and Road Hunan op-B"]
[Site "Changsha"]
[Date "2019.07.30"]
[Round "2"]
[White "Hou, Yifan B"]
[Black "Jia, Haoxiang"]
[Result "0-1"]
[WhiteElo "2024"]
[BlackElo "2357"]
[PlyCount "116"]
[EventDate "2019.07.29"]
[EventType "swiss"]
[EventRounds "9"]
[EventCountry "CHN"]
[SourceTitle "EXT 2020"]
[Source "ChessBase"]
[SourceDate "2019.10.17"]
[SourceVersion "1"]
[SourceVersionDate "2019.10.17"]
[SourceQuality "1"]

1. d4 Nf6 2. Nf3 e6 3. c4 c5 4. g3 cxd4 5. Nxd4 a6 6. Bg2 Qc7 7. b3 Bb4+ 8. Bd2
Be7 9. O-O Nc6 10. Nxc6 dxc6 11. Bc3 e5 12. Qc2 Be6 13. Nd2 O-O 14. Qb2 Nd7 15.
Nf3 f6 16. Rfd1 a5 17. e4 Nc5 18. Qc2 Bg4 19. h3 Bh5 20. Rd2 Rfd8 21. Rad1 Rxd2
22. Rxd2 Ne6 23. Qd1 Bc5 24. g4 Be8 25. Ne1 Qb6 26. Nd3 Bf8 27. Kh2 Qc7 28. Ne1
g6 29. Kg1 Bh6 30. Rd3 Nf4 31. Rf3 Rd8 32. Nd3 Bg5 33. Bf1 b6 34. Bd2 Ne6 35.
Bxg5 Nxg5 36. Re3 c5 37. Qc2 Bc6 38. f3 f5 39. Bg2 fxe4 40. fxe4 Qd6 41. Nf2
Ne6 42. Rd3 Nd4 43. Qd2 a4 44. Qg5 Kg7 45. Qe3 axb3 46. axb3 Ra8 47. g5 Qf8 48.
Ng4 Ra1+ 49. Kh2 Qf4+ 50. Qxf4 exf4 51. Ne5 Bxe4 52. Bxe4 Re1 53. Nd7 Rxe4 54.
Nxb6 Re2+ 55. Kg1 Rb2 56. Nd5 f3 57. b4 Ne2+ 58. Kf1 Ng3+ 0-1

[Event "Belt and Road Hunan op-B"]
[Site "Changsha"]
[Date "2019.07.30"]
[Round "3"]
[White "Shen, Shiyan"]
[Black "Hou, Yifan B"]
[Result "0-1"]
[WhiteElo "2170"]
[BlackElo "2024"]
[PlyCount "124"]
[EventDate "2019.07.29"]
[EventType "swiss"]
[EventRounds "9"]
[EventCountry "CHN"]
[SourceTitle "EXT 2020"]
[Source "ChessBase"]
[SourceDate "2019.10.17"]
[SourceVersion "1"]
[SourceVersionDate "2019.10.17"]
[SourceQuality "1"]

1. e4 c5 2. Nf3 Nc6 3. d4 cxd4 4. Nxd4 Qc7 5. Nc3 e6 6. Be2 a6 7. O-O Nf6 8.
Be3 Be7 9. Kh1 O-O 10. f4 d6 11. Bf3 Re8 12. a4 Bd7 13. Qe2 Nxd4 14. Bxd4 e5
15. Be3 exf4 16. Bxf4 Be6 17. e5 Bc4 18. exd6 Qc8 19. Qf2 Bxf1 20. Rxf1 Bd8 21.
Qd4 Qd7 22. Bg3 Rc8 23. Qa7 Ba5 24. Nd5 Rxc2 25. b4 Bd8 26. Nxf6+ Bxf6 27. Qxb7
Qxb7 28. Bxb7 Rb8 29. Bxa6 Rxb4 30. Re1 g6 31. Bb5 h5 32. h3 h4 33. Bh2 Rcb2
34. Re8+ Kg7 35. Be5 Rb1+ 36. Kh2 Bxe5+ 37. Rxe5 Rd1 38. d7 Rbb1 39. g4 Rb2+
40. Re2 Rxe2+ 41. Bxe2 Rxd7 42. Kg2 Rd2 43. Kf3 Ra2 44. Bb5 Kf6 45. Be8 Ra3+
46. Kg2 g5 47. Kh2 Ra2+ 48. Kg1 Ke7 49. Bb5 Kd6 50. Kh1 Ke5 51. Bc4 Ra1+ 52.
Kg2 f6 53. Bb5 Kf4 54. Bc6 Ra2+ 55. Kf1 Kg3 56. Ke1 Kxh3 57. Kd1 Kg3 58. Kc1 h3
59. Kb1 Rg2 60. a5 h2 61. Bxg2 Kxg2 62. a6 h1=Q+ 0-1